000 00905nam a2200241 a 4500
001 000005232
005 20200929151621.0
008 090818s2000 sp a 001 0 spa d
020 _a8400079108
040 _aDO-SdBNP
_bspa
_cBNPHU
082 _axxxx
_bR556b
245 0 0 _aRiemann Bernhard :
_bRiemanniana selecta /
_cedición y estudio introductorio José Ferreirós Domínguez.
260 _aMadrid :
_bCSIC,
_c2000.
300 _aclv, 138 p. :
_bil. ;
_c24 cm.
490 1 _aClásicos del pensamiento
500 _aIncluye índice onomástico
500 _aIncluye referencias bibliográficas y notas al pie de las páginas
504 _aBibliografía : p. 133-138
600 1 4 _aBERNHARD, RIEMANN,
_d1826-1866
_914927
700 1 _aFerreirós Domínguez, José,
_eed. e intr.
_914928
710 1 _aConsejo Superior de Investigaciones Científicas
_94786
830 0 _aClásicos del pensamiento
_914896
999 _c5033
_d5033